000 00766nam a22002177a 4500
005 20150518164656.0
008 140714b xxu||||| |||| 00| 0 Urdu d
010 _aUR-8928
020 _c200.00
035 _aU-7483
037 _bBPPD/Pub/Ven
040 _aDPL
_bUrdu
082 _a910.41
100 _aا حمد سجا د
245 _aجنو بی ہند کا ا يک علمی و ا د بی سفر
_cا حمد سجا د
246 _aJuubi Hind ka ek Ilmi -o-Adabi Safar
_bBy Ahmad Sajjad
260 _bReaserch and Publications Division
_c2015
_aRanchi
270 _aReaserch and Publications Division Markaz-e-Adab-o-Science,
_bRanchi Jharkhand
_k09431359971
_e--
300 _a120ص
_c22Cm (Hb)
942 _2ddc
_cUR
_e
_h910.41
_mا ح م
999 _c93730
_d93730